Cinco años de lucha contra la tortura (Record no. 197166)
[ view plain ]
| 000 -LEADER | |
|---|---|
| campo de control de longitud fija | 03894nim a2200613 i 4500 |
| 001 - NÚMERO DE CONTROL | |
| campo de control | 197166 |
| 003 - IDENTIFICADOR DE NÚMERO DE CONTROL | |
| campo de control | ES-MaACL |
| 005 - FECHA Y HORA DE LA ÚLTIMA TRANSACCIÓN | |
| campo de control | 20250904205332.0 |
| 007 - CAMPO FIJO DE DESCRIPCIÓN FÍSICA--INFORMACIÓN GENERAL | |
| campo de control de longitud fija | ss zsnzzbimuez |
| 008 - DATOS DE LONGITUD FIJA--INFORMACIÓN GENERAL | |
| campo de control de longitud fija | 250430s1990 sp n || c spa |
| 035 ## - NÚMERO DE CONTROL DEL SISTEMA | |
| Número de control de sistema | (SpMaBN)a3300835 |
| 035 ## - NÚMERO DE CONTROL DEL SISTEMA | |
| Número de control de sistema | (OCoLC)431050857 |
| 040 ## - FUENTE DE CATALOGACIÓN | |
| Centro catalogador/agencia de origen | SpMaBN |
| Lengua de catalogación | spa |
| Centro/agencia transcriptor | SpMaBN |
| Normas de descripción | rdc |
| 245 00 - MENCIÓN DEL TÍTULO | |
| Título | Cinco años de lucha contra la tortura |
| Medio | [Grabacion sonora] : |
| Resto del título | jornadas |
| 260 ## - PUBLICACIÓN, DISTRIBUCIÓN, ETC. | |
| Lugar de publicación, distribución, etc. | Madrid : |
| Nombre del editor, distribuidor, etc. | Ateneo de Madrid, |
| Fecha de publicación, distribución, etc. | 1990 |
| 300 ## - DESCRIPCIÓN FÍSICA | |
| Extensión | 6 casetes (ca. 540 min) : |
| Otras características físicas | son. ; |
| Dimensiones | 11 cm. |
| 490 1# - MENCIÓN DE SERIE | |
| Materiales especificados | Actos culturales en el Ateneo de Madrid. |
| 505 0# - NOTA DE CONTENIDO CON FORMATO | |
| Nota de contenido con formato | Día 19 de junio de 1990: conferencia titulada “Voces contra la tortura: Actuaciones y testimonios”, en la que participan Enrique de Castro, coordinadora de barrios; Mario Serrano, acope; Carlos Martín, salhaketa; y Fernando Salas, Asociación contra la Tortura. Asisten como observadores: David Braham, Amnesty International, y Denis Von Der Weid, S.O.S. Tortura. Cinta 1 y 2 que corresponden a las signaturas: AP/1077 y AP/1078. <br/><br/>Día 20 de junio de 1990: conferencia titulada “La justicia ante la tortura: de la indiferencia a la impotencia”. Participan Gonzalo Martínez-Fresneda, abogado; Manuela Carmena, juez de vigilancia penitenciaria; Melchor Miralles, periodista; Joaquín Navarro, magistrado; José Ignacio Lacasta, profesor de filosofía del derecho moral y política; y Begoña Lalana, abogada. Cinta 1 y 2 que corresponden a la signatura AP/1078 y AP/1079.<br/><br/>Día 22 de junio de 1990: conferencia titulada “Los ciudadanos ante la violencia del Estado: sumisión o respuesta”. Participan Valeriano Bozal, catedrático de historia del arte; Cristina Peña-Marín, profesora de ciencias de la información; Gonzalo Abril, profesor de ciencias de la información; Javier Muguerza, catedrático de ética; y Enrique Martínez Reguera psicólogo y educador de menores. Cintas 1 y 2 que corresponden a la signatura AP/1080 y AP/1081.<br/><br/><br/> |
| 518 ## - NOTA DE FECHA/HORA Y LUGAR DE UN ACONTECIMIENTO | |
| Nota de fecha/hora y lugar de un acontecimiento | Grabado el 19, 20 y 22 de junio de 1990 en el Ateneo de Madrid. |
| 520 ## - RESUMEN, ETC. | |
| Sumario, etc. | Ciclo de conferencias tituladas “Voces contra la tortura: Actuaciones y testimonios”, “La justicia ante la tortura: de la indiferencia a la impotencia” y “Los ciudadanos ante la violencia del Estado: sumisión o respuesta”. |
| 540 ## - NOTA DE CONDICIONES DE USO Y REPRODUCCIÓN | |
| Condiciones de uso y reproducción | Documento inédito. |
| 594 ## - Nota al título y mención de responsabilidad | |
| a | Datos basados en la invitación. |
| 610 20 - PUNTO DE ACCESO ADICIONAL DE MATERIA--NOMBRE DE ENTIDAD CORPORATIVA | |
| Nombre de entidad corporativa o nombre de jurisdicción como elemento de entrada | Ateneo de Madrid- |
| Subdivisión general | Actos culturales- |
| Subdivisión cronológica | 1990- |
| Subdivisión de forma | Grabaciones sonoras |
| 9 (RLIN) | 240083 |
| 650 #7 - PUNTO DE ACCESO ADICIONAL DE MATERIA--TÉRMINO DE MATERIA | |
| Término de materia o nombre geográfico como elemento de entrada | Tortura- |
| Subdivisión geográfica | España |
| 9 (RLIN) | 170082 |
| 653 ## - TÉRMINO DE INDIZACIÓN--NO CONTROLADO | |
| Término no controlado | Archivo de la palabra |
| 655 #0 - TERMINO DE INDIZACIÓN--GENERO/FORMA | |
| Datos o término principal de género/forma | Conferencias |
| 9 (RLIN) | 234444 |
| 700 0# - ENTRADA AGREGADA--NOMBRE PERSONAL | |
| Nombre de persona | Castro, Enrique de |
| Término indicativo de función/relación | Orador |
| 9 (RLIN) | 36847 |
| 700 1# - ENTRADA AGREGADA--NOMBRE PERSONAL | |
| Nombre de persona | Salas, Fernando |
| Término indicativo de función/relación | Orador |
| 9 (RLIN) | 101728 |
| 700 1# - ENTRADA AGREGADA--NOMBRE PERSONAL | |
| Nombre de persona | Carmena, Manuela, |
| Fechas asociadas al nombre | 1944- |
| Término indicativo de función/relación | Orador |
| 9 (RLIN) | 241349 |
| 700 ## - ENTRADA AGREGADA--NOMBRE PERSONAL | |
| Nombre de persona | Martínez Fresnada, Gonzalo |
| Término indicativo de función/relación | Orador |
| 9 (RLIN) | 240184 |
| 700 0# - ENTRADA AGREGADA--NOMBRE PERSONAL | |
| Nombre de persona | Miralles, Melchor |
| Término indicativo de función/relación | Orador |
| 9 (RLIN) | 81488 |
| 700 0# - ENTRADA AGREGADA--NOMBRE PERSONAL | |
| Nombre de persona | Navarro, Joaquín |
| Término indicativo de función/relación | Orador |
| 9 (RLIN) | 85068 |
| 700 ## - ENTRADA AGREGADA--NOMBRE PERSONAL | |
| Nombre de persona | Lacasta, José Ignacio |
| Término indicativo de función/relación | Orador |
| 9 (RLIN) | 240185 |
| 700 ## - ENTRADA AGREGADA--NOMBRE PERSONAL | |
| Nombre de persona | Serrano, Mario |
| Término indicativo de función/relación | Orador |
| 9 (RLIN) | 240186 |
| 700 ## - ENTRADA AGREGADA--NOMBRE PERSONAL | |
| Nombre de persona | Martin, Carlos |
| Término indicativo de función/relación | Orador |
| 9 (RLIN) | 240188 |
| 700 1# - ENTRADA AGREGADA--NOMBRE PERSONAL | |
| Nombre de persona | Lalana, Begoña |
| Término indicativo de función/relación | Orador |
| 9 (RLIN) | 240187 |
| 700 1# - ENTRADA AGREGADA--NOMBRE PERSONAL | |
| Nombre de persona | Bozal, Valeriano, |
| Fechas asociadas al nombre | 1940-2023 |
| Término indicativo de función/relación | Orador |
| 9 (RLIN) | 242225 |
| 700 0# - ENTRADA AGREGADA--NOMBRE PERSONAL | |
| Nombre de persona | Peña-Marín, Cristina |
| Término indicativo de función/relación | Orador |
| 9 (RLIN) | 90270 |
| 700 1# - ENTRADA AGREGADA--NOMBRE PERSONAL | |
| Nombre de persona | Abril, Gonzalo, |
| Término indicativo de función/relación | Orador |
| 9 (RLIN) | 18163 |
| Fechas asociadas al nombre | 1951- |
| 700 0# - ENTRADA AGREGADA--NOMBRE PERSONAL | |
| Nombre de persona | Muguerza, Javier |
| Término indicativo de función/relación | Orador |
| 9 (RLIN) | 84074 |
| 700 0# - ENTRADA AGREGADA--NOMBRE PERSONAL | |
| Nombre de persona | Martínez Reguera, Enrique |
| Término indicativo de función/relación | Orador |
| 9 (RLIN) | 78349 |
| 710 2# - ENTRADA AGREGADA--NOMBRE DE ENTIDAD CORPORATIVA | |
| Nombre de entidad corporativa o nombre de jurisdicción como elemento de entrada | Ateneo de Madrid |
| 9 (RLIN) | 1875 |
| Término indicativo de función/relación | Sede |
| 710 0# - ENTRADA AGREGADA--NOMBRE DE ENTIDAD CORPORATIVA | |
| Nombre de entidad corporativa o nombre de jurisdicción como elemento de entrada | Asociación Contra la Tortura |
| 9 (RLIN) | 1524 |
| Término indicativo de función/relación | Colaborador |
| 830 #0 - PUNTO DE ACCESO ADICIONAL DE SERIE-TÍTULO UNIFORME | |
| Título uniforme | Actos culturales en el Ateneo de Madrid |
| 9 (RLIN) | 240237 |
| 852 ## - LOCALIZACIÓN | |
| Ubicación | ES-MaACL |
| Ubicación en estantería | Depósito Z |
| Designación de la unidad física | Cinta 1 |
| itemnumber | 205176 |
| 852 ## - LOCALIZACIÓN | |
| Ubicación | ES-MaACL |
| Ubicación en estantería | Depósito Z |
| itemnumber | 205177 |
| Designación de la unidad física | Cinta 2 |
| 852 ## - LOCALIZACIÓN | |
| Ubicación | ES-MaACL |
| Ubicación en estantería | Depósito Z |
| itemnumber | 205178 |
| Designación de la unidad física | Cinta 1 |
| 852 ## - LOCALIZACIÓN | |
| Ubicación | ES-MaACL |
| Ubicación en estantería | Depósito Z |
| itemnumber | 205179 |
| Designación de la unidad física | Cinta 2 |
| 852 ## - LOCALIZACIÓN | |
| Ubicación | ES-MaACL |
| Ubicación en estantería | Depósito Z |
| itemnumber | 205180 |
| Designación de la unidad física | Cinta 2 |
| 852 ## - LOCALIZACIÓN | |
| Ubicación | ES-MaACL |
| Ubicación en estantería | Depósito Z |
| itemnumber | 205181 |
| Designación de la unidad física | Cinta 2 |
| 942 ## - ELEMENTOS DE ENTRADA SECUNDARIOS (KOHA) | |
| Fuente del sistema de clasificación o colocación | Clasificación decimal universal |
| Tipo de ítem Koha | Casete |
| Suprimir en OPAC | No |
| Estatus retirado | Estado de pérdida | Fuente del sistema de clasificación o colocación | Especificación de materiales (volumen encuadernado u otra parte) | Estado de daño | No para préstamo | Colección | Biblioteca de origen | Biblioteca actual | Ubicación en estantería | Fecha de adquisición | Total de préstamos | Signatura topográfica completa | Código de barras | Visto por última vez | Precio de reemplazo | Tipo de ítem Koha |
|---|---|---|---|---|---|---|---|---|---|---|---|---|---|---|---|---|
| Clasificación decimal universal | Cinta 1 | Archivo de la palabra | Biblioteca del Ateneo de Madrid | Biblioteca del Ateneo de Madrid | Depósito Z | 05/05/2025 | AP/1076 | 2025-0068 | 05/05/2025 | 05/05/2025 | Casete | |||||
| Clasificación decimal universal | Cinta 2 | Archivo de la palabra | Biblioteca del Ateneo de Madrid | Biblioteca del Ateneo de Madrid | Depósito Z | 05/05/2025 | AP/1077 | 2025-0069 | 05/05/2025 | 05/05/2025 | Casete | |||||
| Clasificación decimal universal | Cinta 1 | Archivo de la palabra | Biblioteca del Ateneo de Madrid | Biblioteca del Ateneo de Madrid | Depósito Z | 05/05/2025 | AP/1078 | 2025-0070 | 05/05/2025 | 05/05/2025 | Casete | |||||
| Clasificación decimal universal | Cinta 2 | Archivo de la palabra | Biblioteca del Ateneo de Madrid | Biblioteca del Ateneo de Madrid | Depósito Z | 05/05/2025 | AP/1079 | 2025-0071 | 05/05/2025 | 05/05/2025 | Casete | |||||
| Clasificación decimal universal | Cinta 1 | Archivo de la palabra | Biblioteca del Ateneo de Madrid | Biblioteca del Ateneo de Madrid | Depósito Z | 05/05/2025 | AP/1080 | 2025-0072 | 05/05/2025 | 05/05/2025 | Casete | |||||
| Clasificación decimal universal | Cinta 2 | Archivo de la palabra | Biblioteca del Ateneo de Madrid | Biblioteca del Ateneo de Madrid | Depósito Z | 05/05/2025 | AP/1081 | 2025-0073 | 05/05/2025 | 05/05/2025 | Casete |
